| 000 | 01231nam a2200229Ia 4500 | ||
|---|---|---|---|
| 003 | Ost | ||
| 005 | 20260507075652.0 | ||
| 008 | 260507s9999||||xx |||||||||||||| ||und|| | ||
| 020 | _a4479119957 | ||
| 040 | _cfsecg | ||
| 041 | _aara | ||
| 082 | _a657.046 | ||
| 100 |
_aالنقيب، كمال عبد العزيز _eمؤلف |
||
| 245 | 0 |
_aمقدمة في نظرية المحاسبة / _c كمال عبد العزيز النقيب |
|
| 260 |
_aعمان: _bدار وائل للنشر والتوزيع, _c2004 |
||
| 300 |
_a472 صفحة؛ _bإيضاحات ؛ _c24 سم |
||
| 504 | _aالمراجع ص.463 | ||
| 520 | _aنشأة المحاسبة وتطور الفكر المحاسبي- الإطار النظري والتطبيقي لعلم المحاسبة- العناصر الفكرية لعلم المحاسبة- موقع علم المحاسبة المالية ضمن اطار المعرفة- المحاسبة كنظام للمعلومات- الوظائف المعاصرة للمحاسبة- مناهج البحث العلمي والمحاسبي وتطور نظرية المحاسبة- مقدمة في محاسبة التضخم. | ||
| 653 | _aالمحاسبة | ||
| 653 | _aنظريات المحاسبة | ||
| 942 | _cكتاب | ||
| 999 |
_c45629 _d45629 |
||